भारतीय स्वतंत्रता आंदोलन का इतिहास (Record no. 27862)
[ view plain ]
| 000 -LEADER | |
|---|---|
| fixed length control field | 00442nam a22001457a 4500 |
| 003 - CONTROL NUMBER IDENTIFIER | |
| control field | SGT |
| 020 ## - INTERNATIONAL STANDARD BOOK NUMBER | |
| International Standard Book Number | 812304753 |
| 082 ## - DEWEY DECIMAL CLASSIFICATION NUMBER | |
| Classification number | 954 |
| Item number | B65T |
| 100 ## - MAIN ENTRY--PERSONAL NAME | |
| Personal name | ताराचंद |
| 245 ## - TITLE STATEMENT | |
| Title | भारतीय स्वतंत्रता आंदोलन का इतिहास |
| 260 ## - PUBLICATION, DISTRIBUTION, ETC. (IMPRINT) | |
| Name of publisher, distributor, etc | सुचना और प्रसारण मंत्रालय |
| Year of Publication | 1965 |
| 300 ## - PAGE DESCRIPTION | |
| No. of Pages | 551 |
| 650 ## - SUBJECT ADDED ENTRY--TOPICAL TERM | |
| Topical term or geographic name as entry element | INDIAN HISTORY |
| 942 ## - ADDED ENTRY ELEMENTS (KOHA) | |
| Source of classification or shelving scheme | Dewey Decimal Classification |
| Koha item type | Books |
| Withdrawn status | Lost status | Source of classification or shelving scheme | Damaged status | Not for loan | Home library | Current library | Shelving location | Date acquired | Cost, normal purchase price | Volume Information (Serial or Books or Non-Book Material) | SGTU | Full call number | Accession No. (Barcode) | Date last seen | Bill Date | Koha item type |
|---|---|---|---|---|---|---|---|---|---|---|---|---|---|---|---|---|
| Dewey Decimal Classification | Not For Loan | SGT Chancellor's Library | SGT Chancellor's Library | Reference Book | 27/11/2024 | 320.00 | 3 | SGTU | 954 B65T | CH887 | 27/11/2024 | 27/11/2024 | Books | |||
| Dewey Decimal Classification | Not For Loan | SGT Chancellor's Library | SGT Chancellor's Library | Reference Book | 27/11/2024 | 330.00 | 3 | SGTU | 954 B65T | CH888 | 27/11/2024 | 27/11/2024 | Books | |||
| Dewey Decimal Classification | Not For Loan | SGT Chancellor's Library | SGT Chancellor's Library | Reference Book | 27/11/2024 | 340.00 | 4 | SGTU | 954 B84T | CH889 | 27/11/2024 | 27/11/2024 | Books |